Ελεγχος συστημάτων πληροφορικής EDP/IT Auditing

Αποθηκεύτηκε σε:
Λεπτομέρειες βιβλιογραφικής εγγραφής
Κύριος συγγραφέας: Κυριαζόγλου, Ιωάννης
Μορφή: Βιβλίο
Γλώσσα:Greek
Δημοσίευση: Αθήνα : Anubis, 2001.
Θέματα:
Ετικέτες: Προσθήκη ετικέτας
Δεν υπάρχουν, Καταχωρήστε ετικέτα πρώτοι!

MARC

LEADER 00000cam a2200000 i 4500
001 1/26715
008 020826s2001 gr | ||| |||| ||gre||
020 |a 9603063150 
035 |l 10068303 
040 |a GR-MyUA  |b gre  |e AACR2 
041 0 |a gre 
082 0 |a 629.8 
100 1 |a Κυριαζόγλου, Ιωάννης. 
245 1 0 |a Ελεγχος συστημάτων πληροφορικής EDP/IT Auditing /   |c Ι. Κυριαζόγλου.  
260 |a Αθήνα :   |b Anubis,   |c 2001.  
300 |a 387 σ. ;   |c 21 εκ.  
504 |a Περιέχει βιβλιογραφικές παραπομπές.  
650 0 0 |a Automatic control. 
650 0 0 |a Systems engineering. 
852 |a INST  |b SAMOS  |e 20020826  |h 629.8 ΚΥΡ  |p 005300020006  |q 005300020006  |t BK  |y 0 
852 |a INST  |b SAMOS  |e 20020826  |h 629.8 ΚΥΡ  |p 005300020007  |q 005300020007  |t BK  |y 0 
852 |a INST  |b SAMOS  |e 20020826  |h 629.8 ΚΥΡ  |p 005300020008  |q 005300020008  |t BK  |y 0 
852 |a INST  |b SAMOS  |e 20020826  |h 629.8 ΚΥΡ  |p 005300020009  |q 005300020009  |t BK  |y 0 
852 |a INST  |b SAMOS  |e 20020826  |h 629.8 ΚΥΡ  |p 005300020014  |q 005300020014  |t BK  |y 23 
901 |a BIBL3-2002-2 
909 |a Σ  |b 087537 
909 |a Σ  |b 087542 
909 |a Σ  |b 087543 
909 |a Σ  |b 087544 
909 |a Σ  |b 087545 
970 |a ΚΟΣΙΕΡΗΣ  |b ΧΡΗΣΤΟΣ  |z 2002/08/26